00302nam a2200121Ia 45000030006000000080041000060400015000471000020000622450035000822600034001175460012001510050017001630STCL150530s9999 xx 000 0 und d aSTCLcSTCL aHazlitt William aCharacter of Shakespeares play bOxford University pressc1952 aEnglish20220125170959.0